Central Library OPAC University of Rajshahi

ভূমি সংস্কার ও সমাজ / (Record no. 37950)

MARC details
000 -LEADER
fixed length control field 00850nam a22002297a 4500
001 - CONTROL NUMBER
control field 37950
003 - CONTROL NUMBER IDENTIFIER
rucl marc code BD-RjUL
005 - DATE AND TIME OF LATEST TRANSACTION
control field 20211209052708.0
008 - FIXED-LENGTH DATA ELEMENTS--GENERAL INFORMATION
fixed length control field 150817s1985 bg ||||| b||| 00| 0 ben d
035 ## - SYSTEM CONTROL NUMBER
System control number (BD-RjUL)38055
040 ## - CATALOGING SOURCE
Original cataloging agency BD-RjUL
Language of cataloging eng
Transcribing agency BD-RjUL
041 ## - LANGUAGE CODE
Language code of text/sound track or separate title ben
082 ## - DEWEY DECIMAL CLASSIFICATION NUMBER
Classification number 333.315492
Author mark and year ISB 1985
100 ## - MAIN ENTRY--PERSONAL NAME
Personal name ইসলাম, সিরাজুল
9 (RLIN) 117556
245 ## - TITLE STATEMENT
Title ভূমি সংস্কার ও সমাজ /
Statement of responsibility, etc. সিরাজুল ইসলাম
260 ## - PUBLICATION, DISTRIBUTION, ETC. (IMPRINT)
Place of publication, distribution, etc. ঢাকা :
Name of publisher, distributor, etc. বাংলা একাডেমী,
Date of publication, distribution, etc. ১৯৮৫
300 ## - PHYSICAL DESCRIPTION
Pagination ৮৮ পৃ. :
Size ১৮ সেমি.
504 ## - BIBLIOGRAPHY, ETC. NOTE
Bibliography, etc গ্রন্থপঞ্জী সংযুক্ত ।
650 ## - SUBJECT ADDED ENTRY--TOPICAL TERM
Topical term or geographic name as entry element ভূমি সংস্কার
Geographic subdivision বাংলাদেশ
9 (RLIN) 117557
Topical term or geographic name as entry element Land reform
Geographic subdivision Bangladesh.
9 (RLIN) 117558
942 ## - ADDED ENTRY ELEMENTS (KOHA)
Source of classification or shelving scheme Dewey Decimal Classification
Koha item type Books
Holdings
Lost status Source of classification or shelving scheme Damaged status Not for loan Collection code Permanent Location Current Location Shelving location Date acquired Source of acquisition Cost, normal purchase price Total Checkouts Full call number Date last seen Date checked out Copy number Koha item type
  Dewey Decimal Classification     Non-fiction Central Library, University of Rajshahi Central Library, University of Rajshahi   22/02/1990 Lekhok, 15.00 1 B 333.315492 ISB 1985 23/08/2015 17/08/2015 C-2 Books
  Dewey Decimal Classification   Not For Loan Non-fiction Central Library, University of Rajshahi Central Library, University of Rajshahi Reading Room 29/09/1987 Bangla Academy, Dhaka 15.00   B 333.315492 ISB 1985 06/12/2016   C-1 Books
  Dewey Decimal Classification     Non-fiction Central Library, University of Rajshahi Central Library, University of Rajshahi   22/02/1990 Lekhok, 15.00   B 333.315492 ISB 1985 21/12/2016   C-3 Books